1607 1389 1709 1347 1461 1305 1035 1996 1442 1938 1650 1196 1271 1728 1934 1451 1111 1814 1490 1184 1332 1085 1812 1148 1022 1669 1918 1166 1626 1582 1151 1099 1873 1083 1073 1314 1759 1773 1481 1826 1007 1176 1360 1114 1235 1545 1730 1651 1557 1966 1003 1035 1679 1333 1729 1663 1653 1661 1180 1999 1473 1804 1187 1805 1190 1374 1050 1957 1216 1889 1448 1681 1390 1114 1118 1987 1656 1793 1246 1587 1369 1630 1369 1148 1876 1530 1588 1425 1553 1548 1653 1262 1326 1151 1653 1008 1699 1441 1224 BCNSPRNW ULIB Ver.6.0+V

เปลี่ยนเป็นภาษาไทย

Change to English
 แสดงรายละเอียดบรรณานุกรม
  กลับหน้าหลัก

Brief Record : Get Marc (ISO 2709) : E-mail record : QR code < ปิดหน้าต่าง
LEADER : 00000nam 2200000uu 4500
001    13399113601
003     ULIB
008    111207s2553||||th 000 0 tha d
020    ^a9786117123153
090    ^aนว.^bว130พ 2553
100 0  ^aวงศ์วริศ
245 00 ^aเพียงเสี้ยวใจ/^cวงศ์วริศ
250    ^aพิมพ์ครั้งที่ 1
260    ^aกรุงเทพฯ :^bกรีนมายด์,^c2553
300    ^a214 หน้า
710 1  ^aกรีนมายด์
945    ^p169^l0^i17053
995    ^aทศพร
999 ^a ทศพร
รายการนี้ยังไม่มีแท็ก
คุณยังไม่ได้ล็อกอิน คุณสามารถมีกิจกรรมร่วมกับเว็บไซต์ได้ แต่ต้องล็อกอินก่อน ::
  ล็อกอิน

รายการสื่อสารสนเทศ

ลำดับที่ ประเภท เลขเรียก/บาร์โค้ด สถานที่ สถานะ
1. นวนิยาย
นวนิยาย
นว. ว130พ 2553 ฉ.1 
  Barcode: 17053
ห้องสมุดวิทยาเขตสวรรค์ประชารักษ์
►นวนิยาย
บนชั้น
  ขอยืม

BibComment


ยังไม่เคยถูกคอมเมนท์

คอมเมนท์ทรัพยากรรายการนี้
  คอมเมนท์: เพียงเสี้ยวใจ วง..


 Copyright 2026. Bcnsprnw @Library